[Event "Styrian op U14/18 27th"]
[Site "Mureck"]
[Date "2021.08.07"]
[Round "4"]
[White "Jetzl, Laurence"]
[Black "Weingraber, Lena"]
[Result "1/2-1/2"]
[WhiteElo "1323"]
[BlackElo "1358"]
[PlyCount "67"]
[EventDate "2021.08.04"]
[EventType "swiss"]
[EventRounds "9"]
[EventCountry "AUT"]
[SourceTitle "EXT 2022"]
[Source "ChessBase"]
[SourceDate "2021.10.06"]
[SourceVersion "1"]
[SourceVersionDate "2021.10.06"]
[SourceQuality "1"]

1. d4 Nf6 2. Nf3 d5 3. Bg5 h6 4. Bh4 c5 5. c3 b6 6. e3 Nc6 7. Bb5 Bd7 8. Nbd2 g5 9. Bg3 a6 10. Bd3 Bg7 11. Qe2 c4 12. Bc2 Nh5 13. Rc1 Nxg3 14. fxg3 Qc7 15. 0-0 0-0-0 16. e4 e6 17. e5 Rdf8 18. Rf2 f5 19. exf6 Rxf6 20. Rcf1 Rhf8 21. Qe3 Qd8 22. b3 b5 23. bxc4 bxc4 24. Ba4 g4 25. Nh4 Rxf2 26. Rxf2 Rxf2 27. Kxf2 Qf6+ 28. Qf4 Qxf4+ 29. gxf4 Ne7 30. Bc2 Be8 31. Nf1 Bf6 32. Kg3 h5 33. Ne3 Kc7 34. h3 1/2-1/2